Review of medical microbiology / (Record no. 1796)

000 -LEADER
fixed length control field 00877nam a2200289 a 4500
003 - CONTROL NUMBER IDENTIFIER
control field UkOxU
005 - DATE AND TIME OF LATEST TRANSACTION
control field 20210630084154.0
008 - FIXED-LENGTH DATA ELEMENTS--GENERAL INFORMATION
fixed length control field 941214s1984 caua 001 0 eng
020 ## - INTERNATIONAL STANDARD BOOK NUMBER
International Standard Book Number 0870410571
040 ## - CATALOGING SOURCE
Transcribing agency IVH
050 ## - LIBRARY OF CONGRESS CALL NUMBER
Classification number QP46
Item number .J3 1984
092 ## - LOCALLY ASSIGNED DEWEY CALL NUMBER (OCLC)
Classification number D0502046401
100 1# - MAIN ENTRY--PERSONAL NAME
Personal name Jawetz, Ernest.
245 10 - TITLE STATEMENT
Title Review of medical microbiology /
Statement of responsibility, etc. Ernest Jawetz, Joseph L. Melnick, Edward A. Adelberg.
250 ## - EDITION STATEMENT
Edition statement 16th ed.
260 ## - PUBLICATION, DISTRIBUTION, ETC.
Place of publication, distribution, etc. Los Altos, Calif :
Name of publisher, distributor, etc. Lange Medical Publications,
Date of publication, distribution, etc. 1984
300 ## - PHYSICAL DESCRIPTION
Extent xiv, 557 p. :
Other physical details ill. ;
Dimensions 26 cm.
500 ## - GENERAL NOTE
General note Previous ed.: 1982
504 ## - BIBLIOGRAPHY, ETC. NOTE
Bibliography, etc. note Includes bibliographical references and index.
650 #0 - SUBJECT ADDED ENTRY--TOPICAL TERM
Topical term or geographic name entry element Microbiology.
700 1# - ADDED ENTRY--PERSONAL NAME
Personal name Adelberg, Edward A.
700 1# - ADDED ENTRY--PERSONAL NAME
Personal name Melnick, Joseph L.
942 ## - ADDED ENTRY ELEMENTS (KOHA)
Source of classification or shelving scheme
Koha item type Book
Suppress in OPAC MM
Holdings
Withdrawn status Lost status Source of classification or shelving scheme Damaged status Not for loan Permanent Location Current Location Shelving location Date acquired Total Checkouts Full call number Barcode Date last seen Price effective from Koha item type Public note
          AU LIBRARY AU LIBRARY Open Shelf 30.06.2021   QP46 .J3 1984 28001341 30.06.2021 30.06.2021 Book MM

Powered by Koha